Christmas Anagrams: Dinner Edition - Statistics

General Stats
  • This quiz has been taken 370 times
  • The average score is 4 of 15
Answer Stats
Anagram Answer % Correct
Nieces Imp Mince Pies
45%
Filter Trifle
45%
Surplus Sorbets Brussel Sprouts
41%
Stuffy Undertaking Turkey and Stuffing
41%
A Bears Currency Cranberry Sauce
39%
Pink Tangibles Pigs in Blanket
34%
Dispatching Drums Christmas Pudding
33%
Mr Ranch Insisted Christmas Dinner
24%
Atheisms Crack Christmas Cake
22%
Chefs Fun Tuttings Chestnut Stuffing
17%
Rebadgering Gingerbread
16%
Mr Scratchiers Sack Christmas Crackers
9%
A Crooks Guise Sugar Cookies
6%
A Slicked Kimono Cookies and Milk
3%
Silent Award Winter Salad
2%
No matching quizzes found
Score Distribution
Percent of People with Each Score
Percentile by Number Answered
Your Score History
You have not taken this quiz